Ultimativer Zelda Charakter Quiz - Statistiken

Allgemein
  • Dieses Quiz wurde 725 mal gespielt
  • Das Durchschnittsergebnis liegt bei 21 aus 80
Antwortstatistiken
Hint Antwort % Korrekt
Hauptfigur (nicht Zelda) Link
100%
Hyrules Prinzessin Zelda
99%
Klassischer Antagonist (Schwein) Ganon
94%
Klassischer Antagonist Ganondorf
84%
Tote Reckin der Zoras Mipha
75%
Links Pferd Epona
71%
Begleiterin in OoT Navi
71%
Toter Recke der Orni Revali
71%
Toter Recke der Goronen Daruk
66%
Die Amme der Prinzessin Impa
66%
Tote Reckin der Gerudo Urbosa
66%
Zwielicht Prinzessin Midna
56%
Schwertgeist SS Phai
44%
Apropos, eine krasse Maske namens... Majoras Mask
39%
Mädchen das auf der Lon-Lon Farm lebt Malon
38%
Göttin der Kraft Din
37%
Ein Kind, dass sich im Wald verirrt wird zu einem... Horror Kid
37%
Weise des Wassers (OoT) Ruto
37%
Großer ____-____ aus OoT Deku-Baum
36%
Göttin der Weisheit Nayru
35%
Weiser des Feuers (OoT) Darunia
34%
Der Ursupator Zanto
34%
Göttin des Mutes Farore
33%
Weise des Waldes (OoT) Salia
33%
Die Prinzessin als Piratin Tetra
33%
Zelda kostümiert. Sheik
32%
Totengräber Boris
31%
Oft wiederkehrender Händler in der Zelda-Reihe Terri
29%
Weiser des Lichtes (OoT) Rauru
28%
Der Dunklefürst Girahim
26%
35 Jahre, doch die Fee kommt noch... Bestimmt Tingle
26%
Riesiger Wahl mit Flügeln aus LA Windfisch
25%
OoTs Marioverschnitt Talon
23%
Orni Maid des Drachen Medolie
20%
Weise der Geister (OoT) Naboru
20%
Bruder von einer gelben Fee aus MM Tael
20%
Mann (Junge) mit lilanen Haaren. Liebt die Person einen Spalt weiter oben Kafei
19%
Begleiterin in MM Taya
19%
Links Schwester Aril
18%
Riesige Fee Große Fee
18%
2. Twinrova Kotake
18%
Besitzer des Fröhlichen Maskenladens (kurze Version des Namens) Maskenhändler
17%
Mädchen aus LA. Kommt auch in HW vor Marin
16%
Begleiter in WW Roter Leuenkönig
16%
Der Verbannte Todbringer
16%
Kann dich in ein Bild Verwandeln Yuga
16%
1. Twinrova Koume
15%
Herr der Winde Vaati
15%
Frau mit roten Haaren. Liebt die Person einen Spalt weiter unten Anju
14%
Krog, der vom Weisen des Zephirtempel abstammt. Makorus
12%
Pirat mit blauem Kopftuch und Hasenzähnen Niko
12%
Toter Goron, der dir eine Maske überlässt Darmani
11%
Begleiter in MK Ezelo
11%
Sängerin bei den Indigo-Gos Lulu
11%
Riesen Vogel Maskenkönig
10%
Gitarrist bei den Indigo-Gos, der dir eine Maske Überlässt Mikau
10%
Böser Zauberer aus ALttP Agahnim
9%
Wohnt auf der Spitze von Drakonia und ist der Gott des Himmels Valoo
9%
Boxendes Känguru Ricky
8%
Risieger schwarzer Fisch aus WW Jaboo
7%
Dicke Eule Methusa
7%
Begleiterin aus PH Ciela
6%
Ein König des ersten Hyrules der herrschte als die Götter das Land in einer Flut versinken ließen Daphnos
6%
Baum aus OoS und OoA mit telephatischen Fähigkeiten Maku-Baum
6%
General der Finsternis Onox
6%
Weiser in ALttP & ALbW Sahasrahla
6%
Präludiens Schwertmeister Vadder Orca
6%
Böses Phantom PH Bellamu
5%
Toter Weiser vom Zephirtempel Fodo
5%
Sohn des Stammesführers der Orni Komori
5%
Dämonenkönig ST Marardo
5%
Spielt die Hymne des Sturms mit einer Dreh-Orgel Guru-Guru
4%
Geist einer verstorbenen Zora und ehemalige Weise Lart
4%
Meisterin der Schatten Veran
4%
Frühere Königin von Labrynna Ambi
3%
Pirat und Steurmann mit rotem Kopftuch der ein Vorfahre von Ferro ist Gonzo
3%
The Lady TFH Lady Maude
3%
Sandkastenfreund des Orakels der Weisheit Ralph
3%
Hexe aus OoS und OoA Martha
2%
Photograf in Port Monee Immanuel Kogfa
1%
Keine übereinstimmenden Quizze gefunden
Verteilung der Resultate
Anzahl Personen mit jedem Resultat
Perzentil nach korrekt beantworteten Fragen
Ihre Resultats-Entwicklung
Sie haben dieses Quiz noch nicht gespielt